1460 1747 1111 1952 1547 1961 1574 1536 1030 1878 1492 1903 1947 1493 1528 1772 1601 1018 1195 1557 1120 1629 1470 1971 1555 1720 1181 1144 1966 1743 1276 1480 1032 1589 1470 1970 1665 1285 1763 1636 1103 1365 1978 1413 1148 1436 1670 1302 1416 1931 1038 1476 1499 1839 1017 1580 1831 1405 1455 1752 1974 1028 1103 1347 1221 1405 1177 1963 1643 1938 1276 1781 1463 1916 1003 1522 1855 1621 1881 1478 1245 1362 1764 1099 1126 1066 1555 1510 1031 1937 1091 1011 1008 1904 1601 1992 1264 1270 1679 BCNSPRNW ULIB Ver.6.0+V

เปลี่ยนเป็นภาษาไทย

Change to English
 แสดงรายละเอียดบรรณานุกรม
  กลับหน้าหลัก

Brief Record : Get Marc (ISO 2709) : E-mail record : QR code < ปิดหน้าต่าง
LEADER : 00000nam 2200000uu 4500
001    13399124687
003     ULIB
008    160114s2558||||th 000 0 tha d
020    ^a9786168012017
060  0 ^aWY159^bศ499น
100 0  ^aศิริอร สินธุ
245 10 ^aแนวปฏิบัติการพยาบาลเพื่อการจัดการภาวะน้ำหนักเกิน /^cศิริอร สินธุ
250    ^aพิมพ์ครั้งที่ 1 ( ราคา 250 บาท )
260    ^aกรุงเทพฯ :^bวัฒนาการพิมพ์,^c2558
300    ^a96 หน้า :^bตาราง ;^c23 ซม.
505 0  ^a1. แนวปฏิบัติการพยาบาลเพื่อการจัดการภาวะน้ำหนักเกินในสตรีตั้งครรภ์
505 0  ^a2. แนวปฏิบัติการพยาบาลเพื่อการจัดการภาวะน้ำหนักเกินในเด็กวัยเรียน
505 0  ^a3. แนวปฏิบัติการพยาบาลเพื่อการจัดการภาวะน้ำหนักเกินในวัยรุ่น
505 0  ^a4. แนวปฏิบัติการพยาบาลเพื่อการจัดการภาวะน้ำหนักเกินในวัยผู้ใหญ่
505 0  ^a5. แนวปฏิบัติการพยาบาลเพื่อการจัดการภาวะน้ำหนักเกินในสถานประกอบการ
650  7 ^aการพยาบาลเพื่อการจัดการภาวะน้ำหนักเกิน
650  7 ^aภาวะน้ำหนักเกิน
945    ^p250^l0^i000224
945    ^p250^l0^i000225
999    ^aเกษร โพธิ์สุวรรณ
รายการนี้ยังไม่มีแท็ก
คุณยังไม่ได้ล็อกอิน คุณสามารถมีกิจกรรมร่วมกับเว็บไซต์ได้ แต่ต้องล็อกอินก่อน ::
  ล็อกอิน

รายการสื่อสารสนเทศ

ลำดับที่ ประเภท เลขเรียก/บาร์โค้ด สถานที่ สถานะ
1. Book การพยาบาล
หนังสือสำรอง
สถานะ=หนังสือสำรอง
WY159 ศ499น ฉ.1 
  Barcode: 000224
ห้องสมุดวิทยาเขตสวรรค์ประชารักษ์
►หนังสือทั่วไป
บนชั้น
2. Book การพยาบาล
Book การพยาบาล
WY159 ศ499น ฉ.2 
  Barcode: 000225
ห้องสมุดวิทยาเขตสวรรค์ประชารักษ์
►หนังสือทั่วไป
บนชั้น

รายการใกล้เคียง
    ผู้แต่ง [ศิริอร สินธุ]

    หัวเรื่อง [ภาวะน้ำหนักเกิน]

BibComment


ยังไม่เคยถูกคอมเมนท์

คอมเมนท์ทรัพยากรรายการนี้
  คอมเมนท์: แนวปฏิบัติการพยา..


 Copyright 2026. Bcnsprnw @Library